[Event "Challenge"]
[Site "http://www.queenalice.com/game.php?id=459434"]
[Date "2008.9.6"]
[Round "-"]
[White "Grant_Lee_Buffalo"]
[Black "charles31"]
[Result "1-0"]
[WhiteElo "1777"]
[BlackElo "1687"]

1. e4 e5 2. Nf3 d6 3. h3 Nf6 4. Nc3 Be6 5. d3 c6 6. a3 Be7 7. d4 exd4 8. Nxd4
Bd7 9. Bd3 a6 10. O-O Qc8 11. Kh2 c5 12. Nf3 h6 13. Re1 Be6 14. Qe2 g5 15. Nd5
g4 16. Nxf6+ Bxf6 17. Ng1 gxh3 18. Nxh3 Bxh3 19. gxh3 Be5+ 20. f4 Bf6 21. e5
dxe5 22. fxe5 Qc7 23. Bf4 Be7 24. Rf1 Qc6 25. Be4 Qd7 26. Rad1 Qe6 27. Bxb7 Ra7
28. Bd5 Qb6 29. Bc1 Bg5 30. Qf2 Rh7 31. Qf5 Rg7 32. Qc8+ Bd8 33. Qf5 Re7 34.
Rfe1 Bc7 35. b3 f6 36. Bf4 Rg5 37. Bxg5 hxg5 38. Qg6+ Kd8 39. Kh1 Bxe5 40. Re4
Nd7 41. Bc4 Qc6 42. Qg8+ Kc7 43. Qd5 Nb6 44. Qd8+ Kb7 45. Qxe7+ Kb8 46. Qd8+ Kb7
47. Bd5 Nxd5 48. Qxd5 a5 49. Qxc6+ Kxc6 50. c4 1-0

[Event "Challenge"]
[Site "http://www.queenalice.com/game.php?id=459536"]
[Date "2008.9.7"]
[Round "-"]
[White "Grant_Lee_Buffalo"]
[Black "RicardoFialho"]
[Result "0-1"]
[WhiteElo "1790"]
[BlackElo "1863"]

1. e4 c5 2. Nf3 Nc6 3. Nc3 d6 4. Bc4 h6 5. h3 e5 6. d3 Nf6 7. O-O a6 8. Bd2 Na5
9. Bb3 Nxb3 10. axb3 Be7 11. Be3 Be6 12. Qd2 Qd7 13. Kh2 g5 14. g4 O-O-O 15. Rg1
Rdg8 16. Na4 Bd8 17. Nc3 Ne8 18. Nd5 Bxd5 19. exd5 Rf8 20. c4 f5 21. gxf5 Rxf5
22. Rg4 Rxf3 23. Qe2 Rhf8 24. Rag1 h5 25. R4g3 Rxg3 26. Rxg3 h4 27. Rg1 Rf5 28.
Bxg5 Bxg5 0-1

[Event "Challenge"]
[Site "http://www.queenalice.com/game.php?id=459841"]
[Date "2008.9.7"]
[Round "-"]
[White "Grant_Lee_Buffalo"]
[Black "archangel"]
[Result "1/2-1/2"]
[WhiteElo "1801"]
[BlackElo "1700"]

1. e4 e5 2. Nf3 Nc6 3. Nc3 Bb4 4. d3 Nge7 5. Bd2 Bxc3 6. Bxc3 d6 7. h3 O-O 8.
Be2 Ng6 9. Bd2 d5 10. exd5 Qxd5 11. Qc1 b5 12. a3 a5 13. b4 axb4 14. axb4 Rxa1
15. Qxa1 e4 16. dxe4 Qxe4 17. Qc3 Re8 18. Be3 Nf4 19. Rg1 Nxe2 20. Kxe2 Bb7 21.
Re1 Qe7 22. Kf1 Qe4 23. Bc5 Qc4+ 24. Qxc4 Rxe1+ 25. Kxe1 bxc4 26. c3 f6 27. Kf1
Kf7 28. g3 Ke6 29. Nd4+ Nxd4 30. Bxd4 Kf5 31. Ke2 Bg2 32. h4 Ke4 1/2-1/2

[Event "Challenge"]
[Site "http://www.queenalice.com/game.php?id=463569"]
[Date "2008.9.15"]
[Round "-"]
[White "Grant_Lee_Buffalo"]
[Black "gege2561"]
[Result "1-0"]
[WhiteElo "1781"]
[BlackElo "1612"]

1. e4 Nf6 2. Nc3 Nc6 3. Nf3 d6 4. h3 Be6 5. Ng5 h6 6. Nxe6 fxe6 7. d3 Qd7 8. Be2
O-O-O 9. O-O Nd4 10. Be3 Nxe2+ 11. Qxe2 h5 12. a4 g6 13. Nb5 Kb8 14. d4 a6 15.
Nc3 Bh6 16. Bxh6 Rxh6 17. Qd2 Rdh8 18. b4 e5 19. dxe5 dxe5 20. Qxd7 Nxd7 21. Nd5
R8h7 22. Rfe1 g5 23. Re3 g4 24. b5 gxh3 25. Rxh3 Nc5 26. bxa6 Nxa6 27. Rb1 c6
28. Nb6 e6 29. Nc4 h4 30. Nxe5 Nc5 31. Nxc6+ Kc7 32. Na5 b6 33. Nc4 e5 34. Nxe5
Nxa4 35. Ra1 Nc5 36. Ra7+ Kd6 37. Nf7+ Ke6 38. Ng5+ Kf6 39. Nxh7+ Ke5 40. f3 Kf4
41. Kf2 Ne6 42. Rf7+ Ke5 43. Rf5+ Kd4 44. Rd5+ Kc3 45. Rd7 Nf4 46. Rc7+ Kd2 47.
Rh1 h3 48. gxh3 Rg6 49. Rh2 Ne6 50. Rc6 Nf4 51. Rxg6 Nxg6 52. Kg3+ Ke3 53. Nf6
Ne5 54. Nd5+ Kd4 55. Nxb6 Kc5 56. Nd5 Kd6 57. h4 Nc4 58. h5 Kc5 59. h6 Ne3 60.
Nxe3 Kd4 61. h7 Kxe3 62. Rh3 Kd4 63. h8=Q+ Ke3 64. Qc3+ Ke2 65. Rh2+ Kf1 66.
Qa1# 1-0

[Event "Let's Play Chess!"]
[Site "http://www.queenalice.com/game.php?id=468107"]
[Date "2008.9.25"]
[Round "-"]
[White "papilon_br"]
[Black "Grant_Lee_Buffalo"]
[Result "0-1"]
[WhiteElo "1737"]
[BlackElo "1772"]

1. e4 e5 2. Nf3 Nc6 3. Bb5 d6 4. d4 Bd7 5. a3 a6 6. Bxc6 Bxc6 7. d5 Bd7 8. Nc3
h6 9. h3 Nf6 10. O-O c6 11. Be3 cxd5 12. exd5 Bf5 13. Na4 Nd7 14. c4 b6 15. b3
Rb8 16. Nc3 Be7 17. a4 O-O 18. Nd2 Nf6 19. g4 Bd7 20. Nde4 Nxe4 21. Nxe4 f5 22.
gxf5 Bxf5 23. Ng3 Bxh3 24. Re1 Bg5 25. Bxg5 Qxg5 26. Qh5 Qxh5 27. Nxh5 Bg4 28.
Ng3 Bf5 29. Kg2 Rf7 30. Ra2 a5 31. Rb2 Bg6 32. Ree2 Kh7 33. Ne4 Bxe4+ 34. Rxe4
g5 35. Kg3 Rf4 36. f3 Rbf8 37. Rf2 Rxe4 38. fxe4 Rxf2 39. Kxf2 Kg6 40. Kg3 Kh5
41. Kh3 g4+ 42. Kg3 Kg5 0-1

[Event "Challenge"]
[Site "http://www.queenalice.com/game.php?id=468720"]
[Date "2008.9.26"]
[Round "-"]
[White "Grant_Lee_Buffalo"]
[Black "Bixu"]
[Result "1-0"]
[WhiteElo "1787"]
[BlackElo "1731"]

1. e4 e5 2. Nf3 Nc6 3. Nc3 Nf6 4. a3 Bc5 5. h3 h6 6. Bc4 a6 7. d3 d6 8. O-O O-O
9. Bd2 Bd7 10. Re1 Nh5 11. Qc1 Qf6 12. b4 Bd4 13. Qd1 Qg6 14. Nh4 Bxf2+ 15. Kxf2
Qg3+ 16. Kf1 Qxh4 17. Kg1 Qg3 18. Qxh5 Nd4 19. Re3 Qf4 20. Rc1 g6 21. Qd1 b5 22.
Ba2 c6 23. Ne2 Qg5 24. Nxd4 exd4 25. Rf3 Qh5 26. Qe2 Be6 27. Bxe6 fxe6 28. Rxf8+
Rxf8 29. Qxh5 gxh5 30. Bxh6 Rf6 31. Bd2 c5 32. Rf1 Rg6 33. Kh2 cxb4 34. Bxb4 e5
35. Rf3 h4 36. Rf5 Rh6 37. Bd2 Rh7 38. Rf6 Rd7 39. c3 Kg7 40. Rf5 dxc3 41. Bxc3
Kg6 42. Bd2 Rh7 43. Kg1 Rc7 44. Rg5+ Kf6 45. Rf5+ Kg7 46. Rf3 Rc2 47. Bb4 Rc6
48. Kf2 Rc2+ 49. Kg1 Rc1+ 50. Kh2 Rc6 51. Rf1 Kg6 52. Rf8 Kg7 53. Rd8 Kf6 54.
Rxd6+ Rxd6 55. Bxd6 a5 56. Kg1 Kg5 57. Bxe5 b4 58. axb4 axb4 59. Kf2 Kg6 60. Ke2
Kf7 61. Kd2 Ke6 62. d4 b3 63. Kc3 b2 64. Kxb2 Kd7 65. Kc3 Ke7 66. Kc4 Ke6 67.
Kc5 Kf7 68. d5 Kg6 69. d6 Kf7 70. Kc6 Ke8 71. Kc7 Kf7 72. d7 1-0

[Event "Challenge"]
[Site "http://www.queenalice.com/game.php?id=468721"]
[Date "2008.9.26"]
[Round "-"]
[White "Grant_Lee_Buffalo"]
[Black "Aldino"]
[Result "1/2-1/2"]
[WhiteElo "1767"]
[BlackElo "1777"]

1. e4 e5 2. Nf3 d6 3. h3 Nf6 4. Nc3 a6 5. a3 Nc6 6. Bc4 h6 7. d3 Na5 8. Ba2 Be7
9. O-O O-O 10. Re1 Nc6 11. Bd2 Nh5 12. Qc1 Bf6 13. Nd5 Nd4 14. Nxd4 exd4 15. g4
c6 16. Nxf6+ Nxf6 17. Re2 Nh7 18. Kf1 Qh4 19. f3 Qxh3+ 20. Kf2 Qh2+ 21. Kf1 Qh3+
22. Kf2 Qh4+ 23. Kf1 Re8 24. Qe1 Qh1+ 25. Kf2 Qh4+ 26. Kf1 Qh1+ 27. Kf2 Qh4+ 28.
Kf1 Qh1+ 1/2-1/2

[Event "Challenge"]
[Site "http://www.queenalice.com/game.php?id=468736"]
[Date "2008.9.26"]
[Round "-"]
[White "Grant_Lee_Buffalo"]
[Black "FeralPawn"]
[Result "0-1"]
[WhiteElo "1793"]
[BlackElo "1641"]

1. e4 g5 2. d3 Bg7 3. Ne2 c5 4. Nbc3 Nc6 5. Bxg5 h6 6. Be3 d6 7. Qc1 Nf6 8. h3
Nd7 9. Qd2 Nde5 10. Ng3 Rg8 11. Bxh6 Bh8 12. Be2 Nd4 13. Be3 Nxe2 14. Qxe2 Qb6
15. Rb1 Nc6 16. Bd2 Nd4 17. Qe3 Nxc2+ 0-1

[Event "Challenge"]
[Site "http://www.queenalice.com/game.php?id=469971"]
[Date "2008.9.28"]
[Round "-"]
[White "Grant_Lee_Buffalo"]
[Black "Montealto"]
[Result "1-0"]
[WhiteElo "1806"]
[BlackElo "1639"]

1. e4 e5 2. Nf3 Nc6 3. Nc3 Nd4 4. Nxe5 Bc5 5. Nf3 d6 6. h3 f5 7. d3 h6 8. Be3
Qf6 9. Nd5 Nxf3+ 10. gxf3 Qd8 11. f4 Nf6 12. Nxf6+ Qxf6 13. Bxc5 dxc5 14. c3 O-O
15. e5 Qc6 16. Rg1 b5 17. Bg2 1-0

[Event "Challenge"]
[Site "http://www.queenalice.com/game.php?id=470092"]
[Date "2008.9.29"]
[Round "-"]
[White "Grant_Lee_Buffalo"]
[Black "Filhodocapeta"]
[Result "1/2-1/2"]
[WhiteElo "1771"]
[BlackElo "1867"]

1. e4 e5 2. Nf3 Nc6 3. Nc3 Nf6 4. Bc4 Bb4 5. a3 Bxc3 6. bxc3 O-O 7. d3 d5 8.
Bxd5 Nxd5 9. exd5 Qxd5 10. O-O Bg4 11. h3 Bxf3 12. gxf3 Qa5 13. Bd2 Qb6 1/2-1/2

[Event "Challenge"]
[Site "http://www.queenalice.com/game.php?id=470624"]
[Date "2008.9.30"]
[Round "-"]
[White "Grant_Lee_Buffalo"]
[Black "Megakhuimyak"]
[Result "1-0"]
[WhiteElo "1779"]
[BlackElo "1718"]

1. e4 e5 2. Nf3 Nc6 3. Nc3 Nf6 4. Bc4 d6 5. d3 h6 6. Bd2 Be7 7. O-O O-O 8. Qc1
Qd7 9. Nh4 a6 10. Nf5 b5 11. Bxh6 bxc4 12. Qg5 Nh7 13. Qxg7# 1-0

[Event "Challenge"]
[Site "http://www.queenalice.com/game.php?id=471571"]
[Date "2008.10.2"]
[Round "-"]
[White "Grant_Lee_Buffalo"]
[Black "FeralPawn"]
[Result "0-1"]
[WhiteElo "1803"]
[BlackElo "1649"]

1. e4 g5 2. d3 h6 3. Bd2 Bg7 4. Nc3 c5 5. a3 Nc6 6. h3 Nf6 7. Nge2 d6 8. g4 d5
9. exd5 Nxd5 10. Bg2 e6 11. Rb1 b5 12. Nxb5 Qb6 13. Nd6+ Ke7 14. Nxc8+ Rhxc8 15.
Nc3 Nf4 16. Bxf4 gxf4 17. Qd2 Rab8 18. O-O Qc7 19. Rfe1 Ne5 20. Qxf4 Rd8 21.
Rbd1 Rd4 22. Re4 Rxb2 23. Rc1 Qa5 24. Na4 Qxa4 25. g5 hxg5 26. Qxg5+ Bf6 27. Qf4
Rxe4 28. Bxe4 Rxc2 29. Rxc2 Qxc2 30. d4 Qd1+ 31. Kg2 Qxd4 32. f3 Qb2+ 33. Kg3
Qxa3 34. Qh6 c4 35. Qh7 c3 36. Bc2 Qd6 37. Kg2 Qd2+ 38. Kg3 Qe1+ 0-1

[Event "Let's Play Chess!"]
[Site "http://www.queenalice.com/game.php?id=473637"]
[Date "2008.10.7"]
[Round "-"]
[White "Grant_Lee_Buffalo"]
[Black "ZZZZ"]
[Result "1-0"]
[WhiteElo "1846"]
[BlackElo "1687"]

1. e4 e5 2. Nf3 Qf6 3. Nc3 c6 4. d3 Bc5 5. Bd2 d6 6. h3 h6 7. Na4 Na6 8. Nxc5
Nxc5 9. Be2 Na4 10. Qc1 b5 11. c3 d5 12. b4 d4 13. cxd4 exd4 14. Bd1 Ne7 15.
Bxa4 bxa4 16. Qc2 Ba6 17. Rd1 a3 18. Bc1 Rb8 19. Bxa3 O-O 20. Qc5 Ra8 21. b5
cxb5 22. Qxe7 Qxe7 23. Bxe7 Rfe8 24. Bc5 Red8 25. Bxd4 b4 26. O-O Bb7 27. Bc5 a5
28. Rfe1 Ra6 29. d4 f6 30. e5 f5 31. Nd2 Bd5 32. Nb3 a4 33. Na1 Bxa2 34. Bxb4
Rc8 35. Bc5 Rg6 36. Rd2 Bd5 37. g3 f4 38. Rd3 Bc4 39. Ra3 Bd5 40. Kh2 fxg3+ 41.
fxg3 Rb8 42. Re2 Bc4 43. Rf2 Bd5 44. Rxa4 Rb1 45. g4 Rh1+ 46. Kg3 Rg1+ 47. Kf4
Rg5 48. Be7 Rg6 49. Ra5 Re6 50. Rxd5 Rxa1 51. Bc5 Re8 52. Kg3 Raa8 53. Rf3 Rad8
54. Rxd8 Rxd8 55. e6 Kh7 56. e7 1-0

[Event "Challenge"]
[Site "http://www.queenalice.com/game.php?id=475442"]
[Date "2008.10.10"]
[Round "-"]
[White "Grant_Lee_Buffalo"]
[Black "SRIVERO"]
[Result "1-0"]
[WhiteElo "1790"]
[BlackElo "1787"]

1. e4 c5 2. Nc3 Nc6 3. Bc4 d6 4. h3 Nf6 5. a3 Ne5 6. Ba2 e6 7. d3 Be7 8. Nf3 a6
9. Nxe5 dxe5 10. Be3 O-O 11. Qd2 b5 12. O-O Bb7 13. Qc1 c4 14. Qd1 cxd3 15. cxd3
Rc8 16. Rc1 Ne8 17. b4 Bxe4 18. dxe4 Qxd1 19. Rfxd1 Nf6 20. Bb1 Rfd8 21. Rxd8+
Bxd8 22. Ne2 Rxc1+ 23. Bxc1 Bb6 24. Bb2 Nd7 25. Kf1 g6 26. f3 f5 27. exf5 exf5
28. Nc1 Kf7 29. Nd3 Bd4 30. Bxd4 exd4 31. Ba2+ Kf6 32. Bd5 Nb6 33. Bb7 Nc4 34.
Bxa6 Nxa3 35. Nc5 Nc2 36. Nd3 Na3 37. Ke2 Ke6 38. f4 Kd5 39. Kd2 Kc4 40. Bc8
Nb1+ 41. Kc2 Na3+ 42. Kb2 Kxd3 43. Kxa3 Kc2 44. Bd7 d3 45. Bxb5 d2 46. Ba4+ Kc3
47. b5 d1=Q 48. Bxd1 Kd2 49. Bf3 1-0

[Event "Challenge"]
[Site "http://www.queenalice.com/game.php?id=476008"]
[Date "2008.10.11"]
[Round "-"]
[White "Grant_Lee_Buffalo"]
[Black "perfrh"]
[Result "1-0"]
[WhiteElo "1817"]
[BlackElo "1769"]

1. e4 e6 2. c4 d5 3. cxd5 exd5 4. exd5 Qxd5 5. Nc3 Qe5+ 6. Be2 Nf6 7. Nf3 Qa5 8.
a3 Bf5 9. O-O Bd6 10. Re1 O-O 11. h3 Bxh3 12. gxh3 Qh5 13. Bf1 Nbd7 14. d4 Rfe8
15. Rxe8+ Rxe8 16. Be3 Qg6+ 17. Bg2 Nh5 18. Qd2 Nf8 19. Re1 Ne6 20. Ne5 Bxe5 21.
dxe5 Rd8 22. Qc1 Qf5 23. Bd2 Nef4 24. Bxf4 Nxf4 25. Rd1 Nd3 26. Qc2 c5 27. b3
Rd4 28. Rd2 Qxe5 29. Rxd3 Qe1+ 30. Kh2 Qe5+ 31. Rg3 h5 32. Kg1 h4 33. Re3 Qg5
34. Re8# 1-0

[Event "Challenge"]
[Site "http://www.queenalice.com/game.php?id=476057"]
[Date "2008.10.11"]
[Round "-"]
[White "Grant_Lee_Buffalo"]
[Black "RonB52734"]
[Result "1-0"]
[WhiteElo "1815"]
[BlackElo "1333"]

1. e4 e5 2. Nf3 Nc6 3. Nc3 Nf6 4. d3 d5 5. h3 Bb4 6. Bd2 O-O 7. a3 Bxc3 8. Bxc3
dxe4 9. Nxe5 Nxe5 10. Bxe5 Re8 11. d4 c5 12. c3 Bf5 13. a4 a5 14. Be2 Qb6 15.
Bb5 Re6 16. O-O Rd8 17. Qe2 Nd5 18. Bc4 Rg6 19. Kh1 Nf6 20. Rad1 Be6 21. Bb5 Rc8
22. Bxf6 Rxf6 23. Qxe4 Bf5 24. Qe2 Re6 25. Qd2 Rh6 26. dxc5 Qc7 27. Qe3 f6 28.
Rfe1 Kf8 29. Qf3 g6 30. Qe3 Rh5 31. Kg1 g5 32. g4 Bxg4 33. hxg4 Rh4 34. Rd6
Rxg4+ 35. Kf1 Qf7 36. Rd7 Qe8 37. Re7 Qh5 38. Re8+ Rxe8 39. Qxe8+ Qxe8 40. Rxe8+
Kg7 41. Re7+ Kh6 42. Rxb7 Rh4 43. c6 1-0

[Event "Challenge"]
[Site "http://www.queenalice.com/game.php?id=478696"]
[Date "2008.10.17"]
[Round "-"]
[White "Grant_Lee_Buffalo"]
[Black "xerxe"]
[Result "1-0"]
[WhiteElo "1856"]
[BlackElo "1676"]

1. d4 Nf6 2. Nf3 g6 3. e3 Bg7 4. Be2 d5 5. h3 c5 6. c3 c4 7. a4 Nc6 8. b3 Ne4 9.
bxc4 Be6 10. cxd5 Qxd5 11. Bb2 O-O 12. Nfd2 Ng5 13. Bf3 Qd6 14. Ne4 Nxe4 15.
Bxe4 f5 16. Bf3 Bc4 17. Nd2 Ba6 18. Be2 Bxe2 19. Qxe2 Rac8 20. Nc4 Qc7 21. Ba3
Nd8 22. Nd2 Qxc3 23. O-O Qc7 24. Rfc1 Qd7 25. Rxc8 Qxc8 26. Bxe7 Re8 27. Bc5 a6
28. Qd1 Ne6 29. Bb4 Qc6 30. Rc1 Qd5 31. Nb3 b5 32. axb5 axb5 33. Nc5 Rc8 34.
Nxe6 Rxc1 35. Qxc1 Qxe6 36. Qc5 Qe8 37. d5 Bf8 38. d6 Qd7 39. Qc7 1-0

[Event "Let's Play Chess!"]
[Site "http://www.queenalice.com/game.php?id=479688"]
[Date "2008.10.19"]
[Round "-"]
[White "CampbellMarcel"]
[Black "Grant_Lee_Buffalo"]
[Result "0-1"]
[WhiteElo "1813"]
[BlackElo "1831"]

1. e4 e5 2. Nf3 Nc6 3. Bb5 d6 4. d4 exd4 5. Nxd4 Ne7 6. Bg5 Bd7 7. Nxc6 Bxc6 8.
Bxc6+ bxc6 9. O-O h6 10. Bh4 d5 11. Re1 dxe4 12. Qxd8+ Rxd8 13. Bxe7 Bxe7 14.
Nc3 f5 15. f3 exf3 16. gxf3 Rd7 17. Kg2 O-O 18. Re2 f4 19. Ne4 g5 20. h3 Rfd8
21. Rae1 Kf8 22. Nf2 h5 23. Nd3 Bf6 24. b3 Bd4 25. Nb4 Rd6 26. Re7 Bc3 27. Rxc7
Bxe1 28. Nxc6 Re8 29. Rxa7 Rxc6 0-1

[Event "Challenge"]
[Site "http://www.queenalice.com/game.php?id=482176"]
[Date "2008.10.24"]
[Round "-"]
[White "Grant_Lee_Buffalo"]
[Black "grega"]
[Result "1-0"]
[WhiteElo "1865"]
[BlackElo "1811"]

1. e4 e5 2. Nf3 d6 3. h3 Nf6 4. Nc3 c6 5. d4 exd4 6. Nxd4 c5 7. Nf3 Be7 8. Bc4
h6 9. a3 Nc6 10. Be3 a6 11. a4 O-O 12. O-O b6 13. Re1 Bb7 14. Bd2 Ne5 15. Nxe5
dxe5 16. Qc1 Nh7 17. Bd3 Ng5 18. Re3 Ne6 19. Rg3 Nf4 20. Bxf4 exf4 21. Qxf4 Bg5
22. Qf3 f5 23. Qd1 f4 24. Rf3 Qd4 25. Qe2 Rae8 26. Bxa6 Bc6 27. Bb5 Rc8 28. Bxc6
Rxc6 29. Rd1 Qe5 30. Rd5 Qb8 31. Qc4 Kh8 32. Qb5 Re6 33. Rfd3 Bh4 34. Rd7 Rg6
35. Nd5 Re8 36. Nc3 Kh7 37. Rf7 Re7 38. Rxe7 Bxe7 39. Nd5 Bd8 40. Qd7 Bh4 41.
Qf5 Bg5 42. Rb3 Bd8 43. Nxf4 Qd6 44. Nxg6 Qxg6 45. Qxg6+ Kxg6 46. Rd3 Bc7 47.
Rd7 Be5 48. b3 Kh7 49. Rb7 1-0